Sensitivity of subsoil watertable to rainfall and irrigation with special reference to canal irrigated tracts of Punjab (I) (Record no. 19881)
[ view plain ]
| 000 -LEADER | |
|---|---|
| fixed length control field | 00605nam a2200181Ia 4500 |
| 082 ## - DEWEY DECIMAL CLASSIFICATION NUMBER | |
| Classification number | TS.0017 |
| 100 ## - MAIN ENTRY--AUTHOR NAME | |
| Personal name | Sehgal, S.R. |
| 245 #0 - TITLE STATEMENT | |
| Title | Sensitivity of subsoil watertable to rainfall and irrigation with special reference to canal irrigated tracts of Punjab (I) |
| 260 ## - PUBLICATION, DISTRIBUTION, ETC. (IMPRINT) | |
| Year of publication | 1964 |
| Name of publisher | Panjab University |
| 300 ## - PHYSICAL DESCRIPTION | |
| Number of Pages | 125p. + C D - 50 |
| 650 ## - SUBJECT ADDED ENTRY--TOPICAL TERM | |
| Topical Term | GROUND WATER//WATER, UNDERGROUND |
| 650 ## - SUBJECT ADDED ENTRY--TOPICAL TERM | |
| Topical Term | WATER, UNDERGROUND - PUNJAB |
| 650 ## - SUBJECT ADDED ENTRY--TOPICAL TERM | |
| Topical Term | IRRIGATION - PUNJAB |
| 650 ## - SUBJECT ADDED ENTRY--TOPICAL TERM | |
| Topical Term | SUBSOIL - PUNJAB |
| 650 ## - SUBJECT ADDED ENTRY--TOPICAL TERM | |
| Topical Term | RAIN AND RAINFALL - PUNJAB |
| 650 ## - SUBJECT ADDED ENTRY--TOPICAL TERM | |
| Topical Term | UNDER GROUND WATER//WATER, UNDERGROUND |
| 942 ## - ADDED ENTRY ELEMENTS (KOHA) | |
| Koha item type | Thesis |
| Source of classification or shelving scheme | Dewey Decimal Classification |
| Withdrawn status | Lost status | Damaged status | Not for loan | Home library | Current library | Date acquired | Bill Date | Full call number | Accession Number | Price effective from | Koha item type |
|---|---|---|---|---|---|---|---|---|---|---|---|
| NASSDOC Library | NASSDOC Library | 08/10/2004 | 2004-10-22 | TS.0017 | 27036 | 18/04/2019 | Thesis |
